Border Checkup: Central Europe Quiz Stats

 Plays Quiz Updated Aug 2, 2016

Challenge
Share
Tweet
Embed
Score 0/21 Timer 03:00
2 Plays Today
Country Pair Border? % Correct
Germany
Poland
???
93.6%
Germany
Austria
???
93.5%
Germany
Switzerland
???
91.4%
Switzerland
Austria
???
90.1%
Austria
Hungary
???
88.7%
Slovakia
Czechia
???
88.7%
Switzerland
Poland
???
88.6%
Switzerland
Hungary
???
85.4%
Germany
Czechia
???
85.4%
Switzerland
Slovakia
???
85.2%
Hungary
Slovakia
???
84.3%
Country Pair Border? % Correct
Austria
Czechia
???
82.4%
Czechia
Poland
???
80.5%
Switzerland
Czechia
???
79.3%
Germany
Hungary
???
75.7%
Germany
Slovakia
???
74.9%
Slovakia
Poland
???
72.4%
Austria
Slovakia
???
69.1%
Austria
Poland
???
67.1%
Hungary
Poland
???
53.9%
Hungary
Czechia
???
44%

You're not logged in!

Compare scores with friends on all Sporcle quizzes.
OR
Log In

You Might Also Like...

Show Comments

Extras

Top Quizzes Today


Score Distribution

Your Account Isn't Verified!

In order to create a playlist on Sporcle, you need to verify the email address you used during registration. Go to your Sporcle Settings to finish the process.

Report this User

Report this user for behavior that violates our Community Guidelines.

Details: